000 01224nam0a22002891 4500
001 rc\3447699
005 20130115142945.3
021 _aRU
_b[73-77883]
035 _a(NLR Aleph) 007593314
090 _a5635470
_c5635471
100 _a20130115d1973 |||y0rusy50 ca
101 0 _arus
102 _aRU
105 _aa z |||||
200 1 _aКонспект лекций по курсу "Теория автоматического управления"
_fМ-во высш. и сред. спец. образования СССР. Моск. авиац. ин-т им. Серго Орджоникидзе
210 _aМосква
_c[МАИ]
_d1973
215 _a198 с.
_cчерт.
_d21
320 _aСписок лит.: с. 195 (6 назв.)
532 1 3 _aКонспект лекций по курсу Теория автоматического управления
606 _aАвтоматическое управление
_2psbo
700 1 _aГорбатенко
_bС. А.
_f1934-
_gСтанислав Алексеевич
701 1 _aЖолос
_bБ. Г.
_gБорис Григорьевич
801 0 _aRU
_bNLR
_gpsbo
801 1 _aRU
_bELAR
_2rusmarc
852 _aNLR
_j73-5/4431
942 _cBOOK
980 _aNB